|
|
|
|
| LEADER |
00000naa2a2200000 4500 |
| 001 |
388997 |
| 005 |
20231101063819.0 |
| 035 |
|
|
|a (RuTPU)RU\TPU\prd\20780
|
| 090 |
|
|
|a 388997
|
| 100 |
|
|
|a 20031222a2003 k y0rusy50 ca
|
| 101 |
0 |
|
|a rus
|
| 102 |
|
|
|a RU
|
| 200 |
1 |
|
|a Аппаратура мониторинга состояния КНС ГЛОНАС и GPS
|f П. П. Богданов, А. Ю. Феоктистов, К. Г. Шупен
|
| 320 |
|
|
|a Библиогр.: 3 назв.
|
| 461 |
|
1 |
|0 (RuTPU)RU\TPU\prd\1139
|t Наукоемкие технологии
|o научно-технический журнал
|d 2001-
|
| 463 |
|
1 |
|0 (RuTPU)RU\TPU\prd\17611
|t № 5
|v С. 46-50
|d 2003
|
| 610 |
1 |
|
|a аппаратура
|
| 610 |
1 |
|
|a мониторинг
|
| 610 |
1 |
|
|a космические навигационные системы
|
| 610 |
1 |
|
|a потребители
|
| 610 |
1 |
|
|a информирование
|
| 675 |
|
|
|a 621.396.946
|v 3
|
| 700 |
|
1 |
|a Богданов
|b П. П.
|
| 701 |
|
1 |
|a Феоктистов
|b А. Ю.
|
| 701 |
|
1 |
|a Шупен
|b К. Г.
|
| 801 |
|
1 |
|a RU
|b 63413507
|c 20031222
|g PSBO
|
| 942 |
|
|
|c BK
|